Improving verbal, non-verbal, written and electronic communication of effective managers

Študenti manažmentu na dvoch slovenských univerzitách a ich možnosti získania základných znalostí z manažmentu na seminároch v anglickom jazyku. Verbálna a neverbálna komunikácia. Konverzácia v anglickom jazyku, typy priamej reči.

Guardado en:
Detalles Bibliográficos
Autor principal: Hrdličková, Zuzana
Formato: Capítulo de libro
Lenguaje:inglés
Materias:
Etiquetas: Agregar Etiqueta
Sin Etiquetas, Sea el primero en etiquetar este registro!

MARC

LEADER 00000nla a2200000 4500
001 0164201
005 20240502072849.0
041 0 |a eng 
044 |a SK 
245 1 0 |a Improving verbal, non-verbal, written and electronic communication of effective managers  |c Zuzana Hrdličková 
520 |a Študenti manažmentu na dvoch slovenských univerzitách a ich možnosti získania základných znalostí z manažmentu na seminároch v anglickom jazyku. Verbálna a neverbálna komunikácia. Konverzácia v anglickom jazyku, typy priamej reči. 
610 2 0 |a manažment 
610 2 0 |a manažéri 
610 2 0 |a komunikácia verbálna 
610 2 0 |a komunikácia neverbálna 
610 2 0 |a komunikácia elektronická 
610 2 0 |a angličtina 
100 1 |a Hrdličková, Zuzana